000 00459nam a2200181Ia 4500
008 240925s9999 xx 000 0 und d
020 _a8121924502
082 _a621.381 MEH
100 _aMehta, V. K.
245 0 _aPrinciples of Electronics
250 _aNA
260 _aNew Delhi:
_bS Chand + co
_c,1980.
300 _axviii,846p.
_bNA
_fPhotocopy
500 _aIncludes Index
600 _aElectronic Engineering
650 _aTechnology
942 _cBK
999 _c8783
_d8783